000 00820nam a2200265 a 4500
001 BRCA_7941
005 20190320210048.0
008 070314s1972----gt-a###f##---#000-0#spa-#
041 _aspa
044 _agt
050 4 _aNA776
_b.L84
_c1972
100 1 _aLuján Muñoz, Luis
_91328
245 1 0 _aSíntesis de la arquitectura en Guatemala
_cLuis Luján Muñoz.
250 _a2
260 _aGuatemala
_bUniversidad de San Carlos de Guatemala
_c1972
300 _a36 p.
_bil., 52 láminas
_c22 cm.
440 0 _aColección Cuadernos Universitarios
_919664
500 _a3029
500 _aDedicatoria del autor al señor Franz Mayer
504 _aBibliografía p.31
650 1 4 _aArquitectura colonial
_zGuatemala
_919646
650 1 4 _aArquitectura
_vHistoria
_zGuatemala
_919665
902 _aGFM
942 _2lcc
_cB
999 _c7610
_d7610